Sea creature word scramble #2 - Statistics

General Stats
  • This quiz has been taken 38 times
  • The average score is 11 of 15
Answer Stats
Hint Answer % Correct
ele Eel
100%
bcra Crab
93%
oki Koi
93%
prismh Shrimp
86%
dusqi Squid
86%
lruett Turtle
83%
oacr Orca
79%
aes nilo Sea lion
79%
shrowfids Swordfish
79%
sulwar Walrus
76%
fupfihser Pufferfish
72%
thafcsi Catfish
69%
nosmal Salmon
66%
kwleh Whelk
62%
fphroleadis Leopardfish
24%
No matching quizzes found
Score Distribution
Percent of People with Each Score
Percentile by Number Answered
Your Score History
You have not taken this quiz